Statistics for Answers That Start With F

Click here to take the quiz!

General Stats

  • This quiz has been taken 183 times
    (139 since last reset)
  • The average score is 13 of 15

Answer Stats

HintAnswer% Correct
Not slowFast
98%
Brand of luxury sorts carFerrari
95%
True or....False
94%
Very bottom of your bodyFeet
94%
Rose, Daisy, Magnolia, DaffodilFlower
93%
Not realFake / False
91%
Only US start that starts with this letterFlorida
86%
Emotion that happens when you're scaredFear
85%
The thing, like a color, that you like the mostFavorite / favourite
82%
Abbreviation for this stateFL
81%
Italian city that's was the main place for many Renaissance ideasFlorence
78%
Very sly mammalFox
78%
Doing something for someoneFavor / favour
76%
Materials used: pole, bait, tackle box, etc.Fishing
76%
Dressing, talking, etc. in a very formal and nice manner... Many
would consider this to also be things that are big or expensive.
Fancy
47%

Score Distribution

Percentile by Number Answered

Percent of People with Each Score

Your Score History

You have not taken this quiz since the last reset